| 000 | 00841nam a2200265Ia 4500 | ||
|---|---|---|---|
| 003 | OSt | ||
| 005 | 20220928133526.0 | ||
| 006 | a|||||r|||| 00| 0 | ||
| 007 | ta | ||
| 008 | 220927b |||||||| |||| 00| 0 hin d | ||
| 020 | _cINR 8000.00 | ||
| 024 | _a142741 | ||
| 037 |
_b79, 06/03/2020, Kiran Book Service _cReference Collections |
||
| 040 |
_aSDCL _cSDCL _bhin |
||
| 041 |
_2hin _ahin |
||
| 082 | _aWk, Q0.1-.10 RR | ||
| 100 |
_aSharma Deepti _9407692 |
||
| 245 | 0 | _aPashchatya rajnitik vicharak vishvkosh (10 volume set) | |
| 260 |
_aNew Delhi _bArjun Publishing House _c2010 |
||
| 490 | _vV1:Arastu,280p. | ||
| 650 |
_aHindi _9391598 |
||
| 700 | _a Kumar M. | ||
| 942 |
_hWk, Q0.1-.10 RR _cREF _2CC |
||
| 999 |
_c799932 _d799932 |
||